[Event "X JUBILEUSZOWY MIEDZYNARODOWY TURNIEJ SZACHOWY - GORA SW. ANNY - OPEN A"]
[Site "Gora Sw. Anny"]
[Date "1899-12-30"]
[Round "8.7"]
[White "Wisniewski, Michal"]
[Black "Samborski, Henryk"]
[Result "1-0"]
[WhiteTitle "k+"]
[BlackTitle "k"]
[WhiteElo "2132"]
[BlackElo "2097"]

1. e4 g6 2. d4 Bg7 3. Nc3 c5 4. dxc5 Nc6 5. Bd2 Nf6 6. Nf3 O-O 7. Bd3 Qa5 8. Nb5
Qd8 9. c3 b6 10. cxb6 Qxb6 11. Qe2 Ng4 12. O-O a6 13. Na3 Qxb2 14. Nc4 Qb8 15.
Rab1 Qc7 16. Nb6 Ra7 17. Nd5 Qa5 18. h3 Nge5 19. Be3 Nxf3+ 20. gxf3 Rb7 21. Rxb7
Bxb7 22. Rb1 Ba8 23. Rb3 e6 24. Bb6 Qa4 25. Bxa6 Ne5 26. Bb5 Nxf3+ 27. Kg2 Qxe4
28. Qxe4 Nd2 29. Qd3 Bxd5+ 30. Kg1 Nxb3 31. axb3 Ra8 32. Ba4 1-0

[Event "X JUBILEUSZOWY MIEDZYNARODOWY TURNIEJ SZACHOWY - GORA SW. ANNY - OPEN A"]
[Site "Gora Sw. Anny"]
[Date "1899-12-30"]
[Round "8.8"]
[White "Lukasiewicz, Krzysztof"]
[Black "Kiolbasa, Oliwia"]
[Result "1/2-1/2"]
[WhiteTitle "k"]
[BlackTitle "WIM"]
[WhiteElo "2152"]
[BlackElo "2208"]

1. e4 c5 2. Nf3 Nc6 3. d4 cxd4 4. Nxd4 Nf6 5. Nc3 d6 6. Bc4 e6 7. Bb3 Be7 8. O-O
O-O 9. Be3 a6 10. f4 Qc7 11. f5 Nxd4 12. Bxd4 e5 13. Bf2 b5 14. Bh4 Bb7 15. Bxf6
Bxf6 16. Nd5 Bxd5 17. Bxd5 Rac8 18. Bb3 Qc5+ 19. Kh1 Qd4 20. Re1 Qxb2 21. Qxd6
a5 22. Qa6 a4 23. Bxf7+ Kh8 24. Rab1 Qxc2 25. Bd5 b4 26. Rxb4 Qd2 27. Rbb1 Rc2
28. Qf1 Bg5 29. Qf3 Rfc8 30. Rf1 Rc1 31. Rbxc1 Rxc1 32. h3 Bf4 33. Be6 Qc3 34.
Bd5 h6 35. Kg1 Qd4+ 36. Kh1 Qc3 37. Kg1 Qd4+ 38. Kh1 Qc3 39. Kg1 Qd4+ 1/2-1/2

[Event "X JUBILEUSZOWY MIEDZYNARODOWY TURNIEJ SZACHOWY - GORA SW. ANNY - OPEN A"]
[Site "Gora Sw. Anny"]
[Date "1899-12-30"]
[Round "8.9"]
[White "Domanski, Lukasz"]
[Black "Antolak, Julia"]
[Result "1-0"]
[WhiteTitle "I++"]
[BlackTitle "WFM"]
[WhiteElo "2026"]
[BlackElo "2074"]

1. e4 c5 2. Nf3 d6 3. d4 cxd4 4. Nxd4 Nf6 5. Nc3 e6 6. f4 a6 7. Qf3 Qb6 8. Nb3
Qc7 9. Bd3 b5 10. O-O Bb7 11. Bd2 Nbd7 12. Rae1 Be7 13. Qg3 e5 14. fxe5 dxe5 15.
Kh1 b4 16. Nd1 Nf8 17. Ne3 Ng6 18. Nf5 O-O 19. Nxe7+ Qxe7 20. Bg5 Nf4 21. Na5
Rab8 22. Qh4 Qd8 23. Nxb7 Rxb7 24. Bxf4 exf4 25. e5 1-0

[Event "X JUBILEUSZOWY MIEDZYNARODOWY TURNIEJ SZACHOWY - GORA SW. ANNY - OPEN A"]
[Site "Gora Sw. Anny"]
[Date "1899-12-30"]
[Round "8.10"]
[White "Fukowski, Pawel"]
[Black "Dmochowska, Agnieszka"]
[Result "1/2-1/2"]
[WhiteTitle "k"]
[BlackTitle "WCM"]
[WhiteElo "2158"]
[BlackElo "2184"]

1. d4 d5 2. Nf3 Nf6 3. g3 e6 4. Bg2 b5 5. b3 Bb7 6. O-O Nbd7 7. c4 bxc4 8. bxc4
dxc4 9. Qa4 Bd6 10. Nc3 O-O 11. Qxc4 c5 12. Bf4 Bxf4 13. gxf4 Rc8 14. Qb3 Qc7
15. Nb5 Qxf4 16. Nxa7 Bd5 17. Qd3 Ra8 18. Nb5 Rxa2 19. Rxa2 Bxa2 20. dxc5 Bd5
21. Qd4 Qxd4 22. Nfxd4 Bxg2 23. Kxg2 Nxc5 24. Rc1 Nfd7 25. Nc6 g6 26. Ra1 Kg7
27. Nd6 e5 28. Ra7 Kf6 29. Nc4 Rc8 30. Nb4 Ke6 31. Ne3 Rb8 32. Nbd5 f5 33. Nc7+
Kf6 34. Ncd5+ Ke6 35. Nc7+ Kf6 36. Nc4 Rb7 37. Nd5+ Ke6 38. Nc7+ Kf6 39. Nd5+
Kg7 40. Ra8 e4 41. h4 Nf6 42. Nf4 Re7 43. Nd6 Rd7 44. Ne8+ Nxe8 45. Rxe8 Kf7 46.
Rh8 Kf6 47. Re8 Nb3 48. Re6+ Kf7 49. Rb6 Nd4 50. Kg3 Kg7 51. Rb4 Kf6 52. Rb6+
Kg7 53. Ra6 Nb5 54. Rb6 Nd6 55. Rc6 Ne8 56. Nh3 Rd6 57. Rc8 1/2-1/2

[Event "X JUBILEUSZOWY MIEDZYNARODOWY TURNIEJ SZACHOWY - GORA SW. ANNY - OPEN A"]
[Site "Gora Sw. Anny"]
[Date "1899-12-30"]
[Round "8.11"]
[White "Fiedorek, Michal"]
[Black "Godzwon, Iwo"]
[Result "1/2-1/2"]
[WhiteTitle "I"]
[BlackTitle "k"]
[WhiteElo "1872"]
[BlackElo "2039"]

1. e4 c5 2. Nf3 Nc6 3. d4 cxd4 4. Nxd4 g6 5. c4 Bg7 6. Be3 Nf6 7. Nc3 O-O 8. Be2
d6 9. O-O Bd7 10. Qd2 Nxd4 11. Bxd4 Bc6 12. f3 Nd7 13. Be3 a5 14. b3 Nc5 15. Rab1
Qb6 16. Rfc1 Qa7 17. a3 a4 18. b4 Nb3 19. Rxb3 Bh6 20. Nxa4 Bxe3+ 21. Rxe3 Qxa4
22. Kh1 Qa7 23. Rec3 Rfd8 24. Qe3 b6 25. Qh6 e6 26. Rd1 Qc7 27. Qf4 Qe7 28. Qe3
Qc7 29. Rcd3 Ba4 30. Rc1 Rac8 31. Bd1 Bb5 32. Rdc3 Bc6 33. Bb3 Ra8 34. Ba2 Ra7
35. Rd3 Rda8 36. Rcc3 Be8 37. Qc1 Ra6 38. Bb1 Qb8 39. Bc2 b5 40. c5 dxc5 41. Rxc5
Rd6 42. e5 Rc6 43. Rxc6 Bxc6 44. Qe3 Bd5 45. Rc3 1/2-1/2

[Event "X JUBILEUSZOWY MIEDZYNARODOWY TURNIEJ SZACHOWY - GORA SW. ANNY - OPEN A"]
[Site "Gora Sw. Anny"]
[Date "1899-12-30"]
[Round "8.12"]
[White "Michalski, Filip"]
[Black "Kucharska, Honorata"]
[Result "1/2-1/2"]
[WhiteTitle "k"]
[BlackTitle "k+"]
[WhiteElo "2045"]
[BlackElo "2098"]

1. d4 Nf6 2. c4 d6 3. Nf3 Nbd7 4. Nc3 e5 5. e4 g6 6. Be2 Bg7 7. Be3 O-O 8. d5 Qe7
9. b4 Ng4 10. Bg5 f6 11. Bh4 g5 12. Bg3 f5 13. exf5 Nh6 14. Ne4 Rxf5 15. Rc1 Nf8
16. c5 Ng6 17. O-O Nf4 18. Nfd2 Rf8 19. Nc4 Nf7 20. Ne3 Nh6 21. f3 Nf5 22. Nxf5
Bxf5 23. Be1 Bh6 24. Rc3 g4 25. Ng3 gxf3 26. Nxf5 Rxf5 27. Bxf3 Raf8 28. cxd6
cxd6 29. Bf2 e4 30. Re1 Nh3+ 31. gxh3 Qg7+ 32. Bg4 Rxf2 33. Rg3 Kh8 34. Be6 Qf6
35. a3 Rd2 36. Qa1 Qxa1 37. Rxa1 Bg7 38. Re1 e3 39. Kh1 e2 40. Kg2 Rf1 41. Rxe2
Rxe2+ 42. Kxf1 Rxh2 43. Rf3 Ra2 44. Rf7 Rxa3 45. Rxb7 Be5 46. Ke2 h6 47. Kd2 h5
48. Kc2 h4 49. Rc7 Bf6 50. Rf7 Be5 51. Rd7 Rc3+ 52. Kd1 Ra3 53. Kc2 1/2-1/2

[Event "X JUBILEUSZOWY MIEDZYNARODOWY TURNIEJ SZACHOWY - GORA SW. ANNY - OPEN A"]
[Site "Gora Sw. Anny"]
[Date "1899-12-30"]
[Round "8.13"]
[White "Garbowski, Jakub"]
[Black "Pniaczek, Marek"]
[Result "1/2-1/2"]
[WhiteTitle "k"]
[BlackTitle "CM"]
[WhiteElo "2059"]
[BlackElo "2143"]

1. e4 c5 2. Nf3 e6 3. d4 cxd4 4. Nxd4 Nc6 5. Nc3 Qc7 6. Be2 a6 7. O-O Nf6 8. Be3
Be7 9. f4 d6 10. Qe1 Nxd4 11. Bxd4 e5 12. Be3 O-O 13. Qg3 Kh8 14. Rad1 Be6 15.
Kh1 b5 16. a3 Rac8 17. Bf3 Rfd8 18. Rd2 a5 19. Qf2 Rb8 20. Rfd1 Ng4 21. Bxg4 Bxg4
22. Nd5 Qb7 23. Re1 exf4 24. Qxf4 Be6 25. Bb6 Rdc8 26. Bxa5 Rc4 27. Nxe7 Qxe7
28. Bb4 Rbc8 29. Bxd6 Qd7 30. c3 f5 31. Rde2 Re8 32. Qf3 fxe4 33. Rxe4 Rxe4 34.
Rxe4 Qf7 35. Qxf7 Bxf7 36. Rxe8+ Bxe8 37. Kg1 Kg8 38. Kf2 Kf7 39. Ke3 Ke6 40.
Bf8 Kd5 41. Bxg7 Kc4 42. b4 Kb3 43. Kf4 Kxa3 44. Kg5 Kb3 45. h4 Kc4 46. Kh6 Bg6
47. h5 Bf5 48. Kg5 Be4 49. g4 Kd5 50. Kh6 Ke6 51. g5 Kf7 52. c4 bxc4 53. b5 Ke6
54. Bd4 Kd5 55. Be3 c3 56. g6 hxg6 57. hxg6 Bxg6 58. Kxg6 c2 1/2-1/2

[Event "X JUBILEUSZOWY MIEDZYNARODOWY TURNIEJ SZACHOWY - GORA SW. ANNY - OPEN A"]
[Site "Gora Sw. Anny"]
[Date "1899-12-30"]
[Round "9.1"]
[White "Hnydiuk, Aleksander"]
[Black "Gumularz, Szymon"]
[Result "0-1"]
[WhiteTitle "IM"]
[BlackTitle "I++"]
[WhiteElo "2403"]
[BlackElo "2359"]

1. Nf3 Nf6 2. c4 e6 3. g3 d5 4. d4 dxc4 5. Qa4+ Nbd7 6. Bg2 a6 7. Qxc4 b5 8. Qc6
Ra7 9. Qc2 Bb7 10. O-O c5 11. Be3 Nd5 12. Bg5 Qa8 13. Nc3 h6 14. Nxd5 Bxd5 15.
Bf4 cxd4 16. Rfc1 g5 17. Qc8+ Qxc8 18. Rxc8+ Ke7 19. Bd2 Bg7 20. Bb4+ Kf6 21.
Rxh8 Bxh8 22. Nxd4 Bxg2 23. Kxg2 Kg6 24. Rd1 Ne5 25. Rc1 Nd3 26. exd3 Bxd4 27.
b3 a5 28. Bd6 a4 29. b4 Ra6 30. Bc7 e5 31. g4 h5 32. h3 f5 33. gxf5+ Kxf5 34.
Rc2 e4 35. dxe4+ Kxe4 36. Bd8 Kd3 37. Rc8 Re6 38. Bxg5 Re2 39. Rd8 Kc4 40. Kf3
Rxf2+ 41. Ke4 Re2+ 42. Kf5 Rxa2 43. Rc8+ Kb3 0-1

[Event "X JUBILEUSZOWY MIEDZYNARODOWY TURNIEJ SZACHOWY - GORA SW. ANNY - OPEN A"]
[Site "Gora Sw. Anny"]
[Date "1899-12-30"]
[Round "9.2"]
[White "Lewicki, Miroslaw"]
[Black "Kosakowski, Jakub"]
[Result "1-0"]
[WhiteTitle "CM"]
[BlackTitle "k"]
[WhiteElo "2318"]
[BlackElo "2277"]

1. g3 g6 2. Bg2 Bg7 3. Nf3 Nf6 4. O-O O-O 5. c4 d6 6. d4 Nc6 7. Nc3 Rb8 8. h3 a6
9. e4 b5 10. cxb5 axb5 11. e5 Ne8 12. Ng5 Bb7 13. e6 f5 14. Nxb5 Ba6 15. a4 Bxb5
16. axb5 Nxd4 17. Be3 c5 18. bxc6 Nb5 19. Qd2 Nec7 20. Rfe1 Qc8 21. Ra5 d5 22.
Bf4 Rb6 23. Qb4 h6 24. Nf7 Nxe6 25. Bxd5 Nxf4 26. gxf4 e6 27. Bxe6 Qc7 28. Rxb5
Rxb5 29. Qxb5 Qxf4 30. Ne5+ Kh7 31. c7 1-0

[Event "X JUBILEUSZOWY MIEDZYNARODOWY TURNIEJ SZACHOWY - GORA SW. ANNY - OPEN A"]
[Site "Gora Sw. Anny"]
[Date "1899-12-30"]
[Round "9.3"]
[White "Czopor, Maciej"]
[Black "Kaczmarek, Aleksander"]
[Result "0-1"]
[WhiteTitle "I++"]
[BlackTitle "FM"]
[WhiteElo "2134"]
[BlackElo "2321"]

1. e4 c6 2. d4 d5 3. e5 c5 4. dxc5 e6 5. a3 Nc6 6. Nf3 Bxc5 7. b4 Bb6 8. Bb2 Nge7
9. Bd3 Ng6 10. O-O Nf4 11. c4 Nxd3 12. Qxd3 O-O 13. c5 Bc7 14. Nbd2 a6 15. Nb3
Bd7 16. Rfe1 Ne7 17. Nbd4 Ng6 18. a4 Qe7 19. Qb3 h6 20. Rac1 Rfb8 21. g3 Qe8 22.
b5 axb5 23. axb5 Ra5 24. Bc3 Raa8 25. Bb2 Ba5 26. Red1 Bd8 27. Ra1 f6 28. Rxa8
Rxa8 29. Nf5 exf5 30. Qxd5+ Be6 31. Qxb7 Be7 32. exf6 gxf6 33. Nd4 Rd8 34. Re1
Bd5 35. c6 Ne5 36. Re3 Bf8 37. f4 Nf3+ 38. Kf2 Qh5 39. h4 Nh2 40. c7 Ng4+ 41.
Ke2 Nxe3+ 42. Kf2 Qd1 43. Qxd5+ Rxd5 44. Bc3 Ng4+ 45. Kg2 Rxd4 0-1

[Event "X JUBILEUSZOWY MIEDZYNARODOWY TURNIEJ SZACHOWY - GORA SW. ANNY - OPEN A"]
[Site "Gora Sw. Anny"]
[Date "1899-12-30"]
[Round "9.5"]
[White "Nowak, Kamil"]
[Black "Wisniewski, Michal"]
[Result "1-0"]
[WhiteTitle "m"]
[BlackTitle "k+"]
[WhiteElo "2306"]
[BlackElo "2132"]

1. e4 c5 2. Nf3 g6 3. d4 cxd4 4. Nxd4 Bg7 5. c4 Nc6 6. Be3 Nf6 7. Nc3 O-O 8. Be2
d6 9. O-O Bd7 10. Qd2 Nxd4 11. Bxd4 Bc6 12. f3 Nd7 13. Be3 a5 14. b3 Nc5 15. Rab1
e6 16. Rfd1 Be5 17. Bd4 Qe7 18. Qe3 Bxd4 19. Rxd4 e5 20. Rd2 Ne6 21. Bf1 Rfd8
22. a3 Qc7 23. Kh1 b6 24. g3 Bb7 25. Bh3 Qc5 26. Qxc5 dxc5 27. Rxd8+ Nxd8 28.
Rd1 Nc6 29. Na4 Nd4 30. Nxb6 Ra6 31. Nd7 Bc8 32. Nxc5 Rc6 33. Bxc8 Rxc5 34. Ba6
Nxb3 35. Rd5 Kf8 36. Kg2 Rxd5 37. cxd5 Ke7 38. h4 Nd4 39. Kf2 h6 40. f4 Kd6 41.
Ke3 Nc2+ 42. Kd3 Nxa3 43. Kc3 exf4 44. gxf4 f5 45. e5+ Kxd5 46. h5 g5 47. fxg5
Kxe5 48. g6 Kd6 1-0

[Event "X JUBILEUSZOWY MIEDZYNARODOWY TURNIEJ SZACHOWY - GORA SW. ANNY - OPEN A"]
[Site "Gora Sw. Anny"]
[Date "1899-12-30"]
[Round "9.6"]
[White "Grela, Kacper"]
[Black "Domanski, Lukasz"]
[Result "1-0"]
[WhiteTitle "FM"]
[BlackTitle "I++"]
[WhiteElo "2320"]
[BlackElo "2026"]

1. d4 d5 2. c4 dxc4 3. e3 c5 4. Bxc4 cxd4 5. exd4 Qc7 6. Bb3 Bg4 7. f3 Bd7 8. Nc3
e6 9. Nge2 Nf6 10. Bg5 Be7 11. Rc1 Bc6 12. O-O O-O 13. Qe1 Nbd7 14. Bf4 Qd8 15.
Qf2 Nb6 16. Rcd1 Rc8 17. Rfe1 Bd5 18. Bc2 Bc4 19. Bb1 Nfd5 20. Bd2 Bxe2 21. Qxe2
Nxc3 22. bxc3 Nc4 23. Qe4 g6 24. Bh6 Nd6 25. Qf4 Re8 26. d5 e5 27. Rxe5 Rxc3 28.
Rde1 Rc8 29. h3 Bh4 30. Rxe8+ Nxe8 31. Rxe8+ Qxe8 32. Qxh4 Qe5 33. Be4 f5 34.
d6 Kf7 35. Bxb7 1-0

[Event "X JUBILEUSZOWY MIEDZYNARODOWY TURNIEJ SZACHOWY - GORA SW. ANNY - OPEN A"]
[Site "Gora Sw. Anny"]
[Date "1899-12-30"]
[Round "9.7"]
[White "Kiolbasa, Oliwia"]
[Black "Sliwicka, Alicja"]
[Result "0-1"]
[WhiteTitle "WIM"]
[BlackTitle "WFM"]
[WhiteElo "2208"]
[BlackElo "2171"]

1. e4 e5 2. Nf3 Nc6 3. Bb5 a6 4. Ba4 Nf6 5. O-O Be7 6. Re1 b5 7. Bb3 d6 8. c3 O-O
9. d4 Bg4 10. Be3 exd4 11. cxd4 Na5 12. Bc2 c5 13. h3 Bh5 14. g4 Bg6 15. Nbd2
Re8 16. d5 Nd7 17. Rb1 Bf6 18. h4 h6 19. g5 hxg5 20. hxg5 Bd4 21. Bxd4 cxd4 22.
b4 Nc4 23. Nxc4 bxc4 24. Qxd4 Ne5 25. Nxe5 Qxg5+ 26. Kf1 Rxe5 27. Qe3 Qh4 28.
f4 Rh5 29. Qf3 Rh6 30. f5 Bh5 31. Qf2 Qh3+ 32. Qg2 Qc3 33. Rbc1 Qxb4 34. Re3 Qc5
35. Rh3 Kh7 36. Rb1 Qd4 37. Qh2 Bg4 38. Rxh6+ gxh6 39. Qg3 Rg8 40. Qh2 Qe3 0-1

[Event "X JUBILEUSZOWY MIEDZYNARODOWY TURNIEJ SZACHOWY - GORA SW. ANNY - OPEN A"]
[Site "Gora Sw. Anny"]
[Date "1899-12-30"]
[Round "9.9"]
[White "Kucharska, Honorata"]
[Black "Lukasiewicz, Krzysztof"]
[Result "1/2-1/2"]
[WhiteTitle "k+"]
[BlackTitle "k"]
[WhiteElo "2098"]
[BlackElo "2152"]

1. e4 e5 2. Nf3 Nc6 3. Bc4 Bc5 4. c3 Nf6 5. d3 a6 6. Bb3 d6 7. Nbd2 Ba7 8. h3 O-O
9. Nf1 Qe7 10. Ng3 Be6 11. Bc2 Rad8 12. Qe2 b5 13. Bg5 h6 14. Bd2 Rfe8 15. Nh4
d5 16. Nhf5 Qd7 17. Rd1 Ne7 18. Nxe7+ Rxe7 19. Qf3 Kh7 20. O-O dxe4 21. dxe4 Qe8
22. Nf5 Red7 23. Be3 Bxe3 24. Nxe3 Rxd1 25. Rxd1 Rxd1+ 26. Qxd1 Qc6 27. Nd5 Nd7
28. Nb4 Qb7 29. a3 c5 30. Nd5 g6 31. Ne3 Qc7 32. b4 cxb4 33. cxb4 Qc3 34. Qd3
Qe1+ 35. Qf1 Qc3 36. Qd3 Qa1+ 37. Kh2 Qe1 38. Nd1 Nb6 39. Qe3 Qxe3 40. Nxe3 Kg7
41. Kg1 h5 42. h4 Kf6 43. g3 Ke7 44. Kf1 Kd6 45. Ke2 Nd7 46. Kd2 Nb8 47. Bd3 Nc6
48. Be2 Nd4 49. Nc2 Nxe2 50. Kxe2 Ba2 51. Ke3 Bb1 52. Na1 Ba2 53. Nc2 Ke6 54.
Ne1 Bb1 55. f3 f5 56. Nd3 Bxd3 57. Kxd3 f4 58. gxf4 exf4 59. Ke2 1/2-1/2

[Event "X JUBILEUSZOWY MIEDZYNARODOWY TURNIEJ SZACHOWY - GORA SW. ANNY - OPEN A"]
[Site "Gora Sw. Anny"]
[Date "1899-12-30"]
[Round "9.10"]
[White "Samborski, Henryk"]
[Black "Pniaczek, Marek"]
[Result "1-0"]
[WhiteTitle "k"]
[BlackTitle "CM"]
[WhiteElo "2097"]
[BlackElo "2143"]

1. e4 c5 2. Nf3 e6 3. d3 d5 4. Nbd2 Nc6 5. g3 Nf6 6. Bg2 Bd6 7. O-O O-O 8. Re1
Qc7 9. Qe2 dxe4 10. dxe4 e5 11. c3 Be6 12. Nf1 Rfe8 13. Bg5 Be7 14. Bxf6 Bxf6
15. Ne3 Rad8 16. h4 g6 17. Nd2 Bg7 18. h5 f5 19. hxg6 hxg6 20. Nf3 f4 21. Nd5
Qb8 22. Ng5 Bxd5 23. exd5 Ne7 24. d6 Rxd6 25. Qc4+ Kh8 26. Nf7+ Kh7 27. Nxd6 Qxd6
28. Rad1 Qf6 29. gxf4 Nf5 30. fxe5 Qg5 31. Rd3 Rxe5 32. Rh3+ Nh6 33. Rxe5 Qxe5
34. Qe4 Qg5 35. Qxb7 Qc1+ 36. Bf1 Qg5+ 37. Rg3 Qh4 38. Qc6 1-0

[Event "X JUBILEUSZOWY MIEDZYNARODOWY TURNIEJ SZACHOWY - GORA SW. ANNY - OPEN A"]
[Site "Gora Sw. Anny"]
[Date "1899-12-30"]
[Round "9.11"]
[White "Godzwon, Iwo"]
[Black "Fukowski, Pawel"]
[Result "1/2-1/2"]
[WhiteTitle "k"]
[BlackTitle "k"]
[WhiteElo "2039"]
[BlackElo "2158"]

1. e4 e6 2. d4 d5 3. Nd2 Nf6 4. e5 Nfd7 5. Bd3 c5 6. c3 Nc6 7. Ne2 cxd4 8. cxd4
f6 9. exf6 Nxf6 10. O-O Bd6 11. Nf3 Qc7 12. Bg5 O-O 13. Bh4 Nh5 14. Qc2 h6 15.
Bh7+ Kh8 16. Bg6 Rxf3 17. Bxh5 Rf8 18. Bg3 Bd7 19. Rac1 Be8 20. Bxe8 Raxe8 21.
Qd2 Bxg3 22. hxg3 Kg8 23. Rc3 Qa5 24. a3 Qa4 25. Rd3 Qa5 26. b4 Qa4 27. Ra1 Ne7
28. Nf4 Nf5 29. Ng6 Rf6 30. Ne5 Nd6 31. f3 Rc8 32. Rc1 Rff8 33. Rxc8 Rxc8 34.
Rc3 Nc4 35. Qe2 Qa6 36. Nxc4 Rxc4 37. b5 Qxb5 38. Qxe6+ Kh8 39. Rxc4 Qxc4 40.
Qe8+ Kh7 41. Qe5 Qc6 42. a4 b6 43. Kh2 a6 44. Qb8 Qf6 45. Qc8 Qxd4 46. Qf5+ Kg8
47. Qc8+ Kf7 48. Qd7+ Kg6 49. Qe6+ Kh7 50. Qf5+ Kg8 1/2-1/2

[Event "X JUBILEUSZOWY MIEDZYNARODOWY TURNIEJ SZACHOWY - GORA SW. ANNY - OPEN A"]
[Site "Gora Sw. Anny"]
[Date "1899-12-30"]
[Round "9.12"]
[White "Antolak, Julia"]
[Black "Fiedorek, Michal"]
[Result "1/2-1/2"]
[WhiteTitle "WFM"]
[BlackTitle "I"]
[WhiteElo "2074"]
[BlackElo "1872"]

1. e4 c5 2. Nf3 d6 3. d4 cxd4 4. Nxd4 Nf6 5. Nc3 Nc6 6. Bg5 e6 7. Qd2 a6 8. O-O-O
Bd7 9. f4 b5 10. Bxf6 gxf6 11. Kb1 b4 12. Nce2 Qb6 13. Nxc6 Bxc6 14. f5 e5 15.
Ng3 h5 16. Bc4 h4 17. Nf1 Qc5 18. Qd3 Bh6 19. Nd2 Bb5 20. Bxb5+ axb5 21. Nf3 Ke7
22. Qb3 Ra6 23. Rd5 Qc4 24. Qxc4 bxc4 25. Rb5 Rha8 26. Rxb4 Rxa2 27. Rb7+ Kf8
28. Rb8+ Rxb8 29. Kxa2 Ra8+ 30. Kb1 Bg5 31. Rd1 Ke7 32. Nxg5 fxg5 33. c3 Ra5 34.
Kc2 f6 35. g3 hxg3 36. hxg3 d5 37. exd5 Kd6 38. g4 Rxd5 39. Ra1 Rc5 40. Ra6+ Rc6
41. Ra5 1/2-1/2

[Event "X JUBILEUSZOWY MIEDZYNARODOWY TURNIEJ SZACHOWY - GORA SW. ANNY - OPEN A"]
[Site "Gora Sw. Anny"]
[Date "1899-12-30"]
[Round "9.13"]
[White "Michalski, Filip"]
[Black "Garbowski, Jakub"]
[Result "0-1"]
[WhiteTitle "k"]
[BlackTitle "k"]
[WhiteElo "2045"]
[BlackElo "2059"]

1. d4 Nf6 2. c4 g6 3. Nc3 d5 4. e3 Bg7 5. Qb3 e6 6. Qa3 Nc6 7. Nf3 Ne7 8. Be2 O-O
9. O-O c6 10. b4 Nf5 11. Qb3 Ne4 12. Bb2 Ng5 13. Rfd1 Nxf3+ 14. Bxf3 Qg5 15. g3
Nh4 16. Be2 Nf5 17. a4 h5 18. b5 h4 19. g4 e5 20. Bc1 dxc4 21. Qxc4 Nd6 22. Qd3
Bxg4 23. Kh1 Qh5 24. e4 exd4 25. Bxg4 Qxg4 26. f3 Qd7 27. Ne2 c5 28. Bf4 Rfd8
29. Qa3 Rac8 30. Rac1 b6 31. Bg5 Re8 32. Bxh4 Nxe4 33. Nxd4 Bxd4 34. fxe4 Qg4
0-1